000 00521nam a2200193Ia 4500
003 GCL
008 140319s9999 xx 000 0 eng d
040 _aGCL /
_cGCL
082 0 4 _a954.0915
_bZ M
100 1 _aZIMMER, HEINRICH
245 1 0 _aMYTHS AND SYMBOLS IN INDIAN ART AND CIVILIZATION /
_cZIMMER, HEINRICH
700 1 _aCAMPBELL, JOSEPH
260 _a[S.N] :
_bPANTHON BOOKS ،
_c1946
300 _a248
650 0 4 _aINDIA - CIVILIZATION
650 0 4 _aINDIA
650 0 4 _aMYTH - ART INDIAN
942 _2ddc
_cBK
999 _c12114
_d12114